| 000 | 01207cam a22003255a 4500 | ||
|---|---|---|---|
| 999 |
_c17213 _d17213 |
||
| 008 | 100924s2010 xx b b 000 0 eng d | ||
| 010 | _a 2010937940 | ||
| 020 | _a9780764336102 | ||
| 020 | _a076433610X | ||
| 050 | 0 | 0 | _aNK4007 .F67 2010 |
| 100 | 1 | _aForster, Ken. | |
| 245 | 1 | 0 |
_aAlternative American ceramics, 1870-1955 : _bthe other american art pottery / _cKen Forster. |
| 260 |
_aAtglen : _bSchiffer Publishing, _c2010 |
||
| 300 |
_a320 p. : _bill. ; _c29 cm. |
||
| 504 | _aIncludes bibliographical references (p. 302-320). | ||
| 650 | 0 |
_aPottery, American _y19th century. |
|
| 650 | 0 |
_aPottery, American _y20th century. |
|
| 650 | 0 |
_aPorcelain, American _y19th century. |
|
| 650 | 0 |
_aPorcelain, American _y20th century. |
|
| 942 |
_2lcc _cBOOKS _hNK4007 .F67 2010 |
||